[Event "Lodi Weekend Wasken Boys 2nd"]
[Site "Lodi"]
[Date "2014.06.08"]
[Round "4"]
[White "Marchesotti, Giovanni"]
[Black "Raimondi, Sergio"]
[Result "1-0"]
[WhiteElo "1532"]
[BlackElo "1383"]
[PlyCount "43"]
[EventDate "2014.06.06"]
[EventType "swiss"]
[EventRounds "5"]
[EventCountry "ITA"]
[SourceTitle "EXT 2024"]
[Source "ChessBase"]
[SourceDate "2023.10.10"]
[SourceVersion "1"]
[SourceVersionDate "2023.10.10"]
[SourceQuality "1"]

1. f4 g6 2. Nf3 Bg7 3. e3 e6 4. d4 d6 5. Bd2 b6 6. Bd3 Bb7 7. c4 Ne7 8. 0-0 h6 9. Nc3 Nd7 10. Qe2 a6 11. Nd1 c5 12. Bc3 Ng8 13. Nf2 Ngf6 14. e4 Nh5 15. Qe3 Nhf6 16. e5 Ng4 17. Nxg4 d5 18. cxd5 exd5 19. e6 fxe6 20. Bxg6+ Kf8 21. Qxe6 h5 22. Qf7# 1-0

[Event "Milan SSM op"]
[Site "Milan"]
[Date "2014.01.28"]
[Round "5"]
[White "Colica, Daniele"]
[Black "Marchesotti, Giovanni"]
[Result "1-0"]
[WhiteElo "1698"]
[BlackElo "1526"]
[PlyCount "53"]
[EventDate "2014.01.14"]
[EventType "swiss"]
[EventRounds "8"]
[EventCountry "ITA"]
[SourceTitle "EXT 2015"]
[Source "ChessBase"]
[SourceDate "2014.11.20"]
[SourceVersion "1"]
[SourceVersionDate "2014.11.20"]
[SourceQuality "1"]

1. Nf3 c5 2. b3 Nf6 3. Bb2 e6 4. e3 Be7 5. Be2 0-0 6. 0-0 d6 7. d4 Nc6 8. c4 b6 9. Nbd2 Bb7 10. a3 Qc7 11. Qc2 cxd4 12. exd4 d5 13. Bd3 h6 14. Ne5 Nxe5 15. dxe5 Ng4 16. Rae1 f6 17. Nf3 fxe5 18. Nxe5 Nxe5 19. Rxe5 Bd6 20. Bh7+ Kh8 21. Rh5 dxc4 22. bxc4 Rf4 23. Rxh6 e5 24. Rh5 Raf8 25. Bf5+ Kg8 26. Be6+ R8f7 27. Rf5 1-0

[Event "Robecchetto Autunn op 10th"]
[Site "Robecchetto"]
[Date "2013.10.03"]
[Round "1"]
[White "Marchesotti, Giovanni"]
[Black "Moroni, Luca"]
[Result "0-1"]
[WhiteElo "1546"]
[BlackElo "1860"]
[PlyCount "68"]
[EventDate "2013.10.03"]
[EventType "swiss"]
[EventRounds "7"]
[EventCountry "ITA"]
[SourceTitle "EXT 2015"]
[Source "ChessBase"]
[SourceDate "2014.11.20"]
[SourceVersion "1"]
[SourceVersionDate "2014.11.20"]
[SourceQuality "1"]

1. f4 c5 2. Nf3 d6 3. e3 Nf6 4. b3 g6 5. Bb2 Bg7 6. Be2 0-0 7. 0-0 Nc6 8. a3 Qc7 9. c4 Bd7 10. Qc2 Bf5 11. Bd3 Bxd3 12. Qxd3 a6 13. Qc2 b5 14. Nc3 bxc4 15. bxc4 Rab8 16. Nd5 Rxb2 17. Nxc7 Rxc2 18. Nxa6 Rxc4 19. Nc7 Ra4 20. Nb5 Rfa8 21. Rab1 h6 22. Rfc1 Nd8 23. h3 Ne6 24. g4 Nd5 25. f5 Ng5 26. Nxg5 hxg5 27. fxg6 fxg6 28. Rb3 Be5 29. Kg2 c4 30. Rbb1 c3 31. dxc3 Nxe3+ 32. Kh1 Kg7 33. Rb3 Nxg4 34. hxg4 Rxg4 0-1

[Event "Crema op 15th"]
[Site "Crema"]
[Date "2013.08.30"]
[Round "1"]
[White "Marchesotti, Giovanni"]
[Black "Guzzetti, Luigi Enrico"]
[Result "0-1"]
[WhiteElo "1540"]
[BlackElo "1873"]
[PlyCount "90"]
[EventDate "2013.08.30"]
[EventType "swiss"]
[EventRounds "6"]
[EventCountry "ITA"]
[SourceTitle "EXT 2015"]
[Source "ChessBase"]
[SourceDate "2014.11.20"]
[SourceVersion "1"]
[SourceVersionDate "2014.11.20"]
[SourceQuality "1"]

1. b3 Nf6 2. Bb2 g6 3. e4 d6 4. Be2 Bg7 5. Nf3 0-0 6. d3 c5 7. 0-0 Nc6 8. c4 Bg4 9. Nbd2 a6 10. h3 Bd7 11. a3 e5 12. Ne1 Nd4 13. Bxd4 cxd4 14. f4 exf4 15. Rxf4 Bh6 16. Rf1 Ne8 17. Bg4 Bxg4 18. Qxg4 Bxd2 19. Qf3 Be3+ 20. Kh1 Ng7 21. g4 h5 22. Ng2 Bg5 23. Rf2 h4 24. Nf4 Bxf4 25. Qxf4 g5 26. Qd2 Qe7 27. Raf1 Ne6 28. Rf5 Rac8 29. b4 Nf4 30. R1xf4 gxf4 31. Qxf4 f6 32. Rh5 Rf7 33. Rxh4 Rh7 34. Rxh7 Qxh7 35. Kg2 Qe7 36. Qf5 Rc7 37. Qg6+ Kf8 38. Qh5 Qf7 39. Qh8+ Ke7 40. Qh4 b5 41. g5 bxc4 42. gxf6+ Qxf6 43. Qh7+ Qf7 44. Qh4+ Kd7 45. Qg4+ Kc6 0-1

[Event "Crema op 14th"]
[Site "Crema"]
[Date "2012.09.02"]
[Round "6"]
[White "Marchesotti, Giovanni"]
[Black "Carbone, Lorenzo"]
[Result "1/2-1/2"]
[WhiteElo "1525"]
[BlackElo "1728"]
[PlyCount "79"]
[EventDate "2012.08.31"]
[EventType "swiss"]
[EventRounds "6"]
[EventCountry "ITA"]
[SourceTitle "EXT 2014"]
[Source "ChessBase"]
[SourceDate "2013.11.20"]
[SourceVersion "1"]
[SourceVersionDate "2013.11.20"]
[SourceQuality "1"]

1. b3 c5 2. Bb2 e6 3. c4 d5 4. e3 Nf6 5. Nf3 Nc6 6. Be2 Be7 7. 0-0 0-0 8. d3 Qc7 9. a3 a6 10. Qc2 b5 11. Nbd2 Bb7 12. Rad1 dxc4 13. dxc4 b4 14. a4 Rad8 15. Bxf6 Bxf6 16. Ne4 Qe7 17. Nxf6+ Qxf6 18. Rd2 Rxd2 19. Nxd2 Ne5 20. Bd3 Nxd3 21. Qxd3 Rd8 22. Qe2 h6 23. f3 Qg6 24. e4 Qf6 25. e5 Qg5 26. f4 Qxg2+ 27. Qxg2 Bxg2 28. Kxg2 Rxd2+ 29. Kg3 g6 30. h4 Kg7 31. Rf3 f6 32. exf6+ Kxf6 33. Re3 Rd6 34. Kf3 h5 35. Ke4 Rd1 36. Rg3 Rd6 37. Re3 Rd4+ 38. Kf3 Rd6 39. Ke4 Rd4+ 40. Kf3 1/2-1/2

[Event "Crema op 14th"]
[Site "Crema"]
[Date "2012.09.01"]
[Round "3"]
[White "Galli, Fabrizio"]
[Black "Marchesotti, Giovanni"]
[Result "0-1"]
[WhiteElo "1463"]
[BlackElo "1525"]
[PlyCount "97"]
[EventDate "2012.08.31"]
[EventType "swiss"]
[EventRounds "6"]
[EventCountry "ITA"]
[SourceTitle "EXT 2014"]
[Source "ChessBase"]
[SourceDate "2013.11.20"]
[SourceVersion "1"]
[SourceVersionDate "2013.11.20"]
[SourceQuality "1"]

1. d4 Nf6 2. Nf3 b6 3. c4 e6 4. Nc3 Bb7 5. e3 Bb4 6. Bd2 0-0 7. Be2 d5 8. 0-0 Nbd7 9. Qc2 h6 10. Bd3 Bxc3 11. Bxc3 c5 12. Qe2 dxc4 13. Bxc4 Ne4 14. Rad1 Nxc3 15. bxc3 Qf6 16. Ne1 cxd4 17. cxd4 Rac8 18. Bb5 Rfd8 19. Nd3 Qg5 20. f3 Qxb5 21. Qf2 Ba6 22. Nf4 Qa4 23. Rfe1 Nf6 24. Rd2 Rc3 25. Red1 Rdc8 26. Qe1 Qc4 27. h3 Rc2 28. Kh2 Rxd2 29. Rxd2 Qb4 30. Qd1 g5 31. Nd3 Bxd3 32. Rxd3 Qd6+ 33. Kg1 Qc6 34. Kh2 Qc7+ 35. Kg1 Qc1 36. a4 Qxd1+ 37. Rxd1 Rc3 38. e4 Ra3 39. d5 exd5 40. exd5 Rxa4 41. d6 Nd7 42. Rc1 Rd4 43. Rc7 Rxd6 44. Rxa7 b5 45. Rb7 Rd5 46. g4 Ne5 47. Kf2 Kg7 48. Ke1 Nc4 49. Rb8 0-1